00952nam a22003497a 450000500170000000800410001702000180005804100080007608200170008410000260010110000320012724500740015926000150023326000380024826000090028630000180029549000300031365000190034365000260036265000190038865000210040765000130042865000140044165000330045565000200048865000130050865000190052165000130054065000190055365000150057265000150058720250819182317.0180820b2018 xxu||||| |||| 00| 0 spa d a9789930520505 aESP a345.05 P235s aParma, Carlos Alberto aPérez Curci, Juan Ignacio aLa sentencia: valoración y exclusión de pruebas, argumentación  aCosta Rica bEditorial Jurídica Continental  c2018 a236 páginas aInvestigación Criminal  aDERECHO PENAL  aDERECHO A LA JUSTICIA aPROCESO PENAL  aSENTENCIA PENAL  aINDICIOS aCUSTODIA  aPROTECCIÓN CONSTITUCIONAL  aJURISPRUDENCIA  aDELITOS  aALLANAMIENTOS  aPRUEBAS  aDEBIDO PROCESO aSENTENCIA  aNULIDADES